The Facebook effect : the inside story of the company that is connecting the world

Αποθηκεύτηκε σε:
Λεπτομέρειες βιβλιογραφικής εγγραφής
Κύριος συγγραφέας: Kirkpatrick, David, 1953 June 14-
Μορφή: Βιβλίο
Γλώσσα:English
Δημοσίευση: New York : Simon & Schuster, c2010.
Έκδοση:1st Simon & Schuster hardcover edition.
Θέματα:
Ετικέτες: Προσθήκη ετικέτας
Δεν υπάρχουν, Καταχωρήστε ετικέτα πρώτοι!

MARC

LEADER 00000cam a2200000 i 4500
001 1/11372
008 101216s2010 nyu| ||| |||| ||eng||
020 |a 9781439109809 
035 |l 10109387 
040 |a GR-MyUa  |b gre  |e AACR2 
041 0 |a eng 
082 7 |a 338.761006754   |2 (22) 
100 1 |a Kirkpatrick, David,   |d 1953 June 14- 
245 1 4 |a The Facebook effect :   |b the inside story of the company that is connecting the world /   |c David Kirkpatrick. 
250 |a 1st Simon & Schuster hardcover edition. 
260 |a New York :   |b Simon & Schuster,   |c c2010. 
300 |a 372 σ. :   |b εικ. ;   |c 24 εκ. 
504 |a Βιβλιογραφία: σ. [353]-354. Ευρετήριο. 
610 2 0 |a Facebook (Firm) 
650 0 |a Internet industry  |z United States. 
650 0 |a Online social networks  |x History. 
852 |a INST  |b SYROS  |e 20101216  |h 338.761006754 KIR  |p 005500009425  |q 005500009425  |t BK  |y 0 
901 |a BIBL5-2010-3 
922 |a 5ΕΛΗ  |b 201010  |c Βιβλιοθήκη Σύρου  |d Μιχαλόπουλος 
970 |a Κοντού  |b Παρασκευή  |z 16/12/2010